000 00577cam a22001817a 4500
001 002415
003 armpunfd
005 20140612090707.0
008 110420e0####xx#a##########000#0#und#d
040 _aarmpunfd
_carmpunfd
080 _a343.13 R 259
245 1 0 _aReforma procesal penal estudios
260 _a Ordoba : Academia Nacional De Derecho Y Ciencias Sociales De Cordoba
_b2010. Isbn: 978- 987-1123-68-1. 210 P.
650 7 _a Derecho Procesal Penal
_2LEMB
650 7 _a Reforma Procesal Penal
_2LEMB
942 _cLB
_2cdu
945 _aCatalis
_d2010-08-19
999 _c2405
_d232909